000 00871nam a22002777a 4500
003 CHAP
005 20220329134324.0
008 971013s1976 r 00010 d
010 _a18704
011 _a19676
035 _a23761
040 _cCHAP
090 _aFolleto 4371
100 0 0 _aAlpha, S.A. de C.V.
_94634
245 _aContribución que paresenta el XII Congreso Internacional de Grandes Presas, para los participantes de dicho congreso
260 _aMéxico, D.F.,
_c1976
300 _a48 p.
_b: ilus
590 _aBATCH-UPD
_b10
_c20130110
_lUCH01
_h1223
590 _aBATCH-UPD
_b10
_c20130410
_lUCH01
_h0757
590 _aBATCH-UPD
_b10
_c20130914
_lUCH01
_h0248
590 _aCONVERSION
_b10
_c20130109
_lUCH01
_h1311
650 1 4 _aPresas
_xMéxico.
_991493
901 _aBK
942 _cFOLL
949 _aFolleto 4371
_bBC
_cFOLL
_d-55146
_eTS1
_i23761
_mD
_si
999 _c18704
_d18704